| 000 | 00936cam a22002655a 4500 | ||
|---|---|---|---|
| 001 | 17451752 | ||
| 005 | 20151117115714.0 | ||
| 008 | 120904s2013 enka frb f001 0 eng d | ||
| 020 | _a1107659418 | ||
| 020 | _a9781107659414 | ||
| 040 |
_aDLC _beng _cDLC _dEG-ScBUE |
||
| 043 | _ad------ | ||
| 082 | 0 | 4 |
_a338.8891724 _222 _bCOM |
| 245 | 0 | 4 |
_aThe competitive advantage of emerging market multinationals / _cedited by Peter J. Williamson ... [et al.] |
| 260 |
_aCambridge ; _aNew York : _bCambridge University Press, _c2013. |
||
| 300 |
_axxiv, 351 p. : _bill. ; _c24 cm. |
||
| 500 | _aIndex : p. 340-351. | ||
| 504 | _aBibliography : p. 319-339. | ||
| 650 | 7 |
_aInternational business enterprises _zDeveloping countries. _2BUEsh _934825 |
|
| 650 | 0 |
_aCompetition, International. _2BUEsh |
|
| 651 | _2BUEsh | ||
| 653 |
_bBUSADM _cAugust2015 _cNovember2015 |
||
| 700 | 1 |
_aWilliamson, Peter J., _eeditor. |
|
| 942 |
_2ddc _k338.8891724 COM |
||
| 999 |
_c20611 _d20583 |
||